00320pab a2200121 454500008004000000100001900040245007300059260000900132300001200141362000800153650001700161773002000178180718b2003 xxu||||| |||| 00| 0 eng d aSalamon, Sonya aFrom hometown to nontown: rural community effects of suburbanization c2003 ap.1-24. aMar aUrbanization aRural Sociology